Quizzes
Events
Quiz Creation
Community
Videos
Private Events
Remove Ads
Sign In
Join for FREE
Feedback
Dark Mode
Quiz Categories
Sports
Geography
Music
Movies
Television
Just For Fun
Miscellaneous
History
Literature
Language
Science
Gaming
Entertainment
Religion
Holiday
For Kids
Quiz Lab
Recent
Popular Today
Quiz Kudos Today
Editor Picks
Curator Picks
Quizzes by...
Day
Popularity
Type
Ratings
Length
Year
Community
Subscriptions
Recent Discussions
Orange Saloon
Badges
Playlists
Quests
Create
Leaderboards
Showdown
Live 5
Trivia Bingo
Activity
Puzzle Library
Sporcle Events
Private Events
Virtual Trivia
Globe League
Become a Host
Pub Owners
SporcleCon
Opinionation
Our Games
Videos
Blog
Mobile Apps
Partnerships
Remove Ads and Go Orange
Feedback
Sports
Athletes
MLB
NBA
NHL
NFL
Soccer
Sports Teams
WWE
NCAA
Football
Premier League
Basketball
Baseball
Hockey
Golf
Tennis
Cricket
Rugby
Auto Racing
Olympics
World Cup
Sports
Athletes
MLB
NBA
NHL
NFL
Soccer
Sports Teams
WWE
NCAA
Football
Premier League
Basketball
Baseball
Hockey
Golf
Tennis
Cricket
Rugby
Auto Racing
Olympics
World Cup
Random Quiz
Search Sporcle
×
Quiz Lab
Quiz Lab
Sports
Football
Type in answers that appear in a list
Type in answers that appear in a list
Classic
Best Score? Go Orange.
Real Madrid 1-11 since 2000 Stats
Can you name the Real Madrid 1-11 from 2000?
By
maaxwell
12m
72 Questions
22.8K Plays
22,750 Plays
22,750 Plays
Comments
Comments
Give Quiz Kudos
Give Quiz Kudos
-
- Ratings
hide this ad
More Info
Replay
Link that replays current quiz
Next Quiz
Link to next quiz in quiz playlist
You Got
0%
They Got
Avg Score
56%
Avg Friend Score
Upgrade to see
Score Distribution
Jump to the score distribution portion of the page
Score
0/72
Timer
12:00
0
Plays Today
No.
Player
% Correct
7
Cristiano Ronaldo
97.6%
9
Cristiano Ronaldo
97.6%
9
Ronaldo
97.3%
11
Ronaldo
97.3%
1
Iker Casillas
96.7%
1
Keylor Navas
94.7%
1
Thibaut Courtois
93.9%
11
Gareth Bale
93.8%
10
Luka Modrić
92%
4
Sergio Ramos
91.8%
9
Karim Benzema
89.6%
11
Karim Benzema
89.6%
8
Toni Kroos
88.2%
7
Raúl
87.5%
3
Pepe
86.5%
11
Rodrygo
85.7%
5
Raphaël Varane
85.3%
7
Eden Hazard
84.7%
5
Zinédine Zidane
83.2%
2
Dani Carvajal
82.8%
10
James Rodríguez
82%
10
Luís Figo
81.9%
2
Raphaël Varane
81.5%
4
David Alaba
80.3%
3
Roberto Carlos
78.7%
10
Mesut Özil
78.3%
11
Arjen Robben
73.6%
11
Marco Asensio
73.2%
4
Fernando Hierro
73%
5
Fábio Coentrão
72.5%
6
Lassana Diarra
71.5%
10
Lassana Diarra
71.5%
6
Mahamadou Diarra
70.2%
10
Wesley Sneijder
69.8%
11
Michael Owen
69.6%
6
Sami Khedira
69%
No.
Player
% Correct
5
Jude Bellingham
68.8%
5
Fabio Cannavaro
68.6%
7
Mariano
67.8%
10
Robinho
67.2%
6
Emmanuel Adebayor
66.6%
2
Míchel Salgado
66.3%
8
Kaká
65.4%
1
Alphonse Areola
63.8%
8
Fernando Morientes
63.4%
9
Fernando Morientes
63.4%
2
Ricardo Carvalho
63.1%
11
Ricardo Carvalho
62.5%
7
Vinícius Júnior
61.3%
8
Steve McManaman
61.1%
6
Nacho
57.9%
2
Álvaro Arbeloa
57.8%
3
Éder Militão
56.9%
5
Fernando Gago
56.5%
8
Fernando Gago
56.5%
6
Iván Helguera
55%
5
Nuri Şahin
49.7%
1
Bodo Illgner
45.8%
6
Fernando Redondo
44.7%
11
Sávio
43.7%
10
Clarence Seedorf
40.3%
5
Jesús Vallejo
38.9%
8
Júlio Baptista
38.4%
9
Javier Saviola
36.2%
8
Emerson
34%
3
Jesús Vallejo
29.2%
5
Manuel Sanchis
26.4%
9
Roberto Soldado
24.3%
11
Cicinho
22.6%
11
Esteban Granero
21.2%
11
Javier Portillo
15.9%
4
Borja Fernández
11.6%
Quiz Playlist
Details
Report
Send in Message
Add To Playlist
More Info:
Name the Real Madrid players using the squad numbers 1-11 from 2000 onwards
Classic:
Type in answers that appear in a list
Quiz Source
Last Updated: Feb 10, 2023
Quiz Scoreboard
CHALLENGE
Sign Up to Join the Scoreboard
Show All
Scores
Hide
Comments
May contain spoilers
Recently Published
Pick 6: Fruits
by JohnFran
Miscellaneous
15s
Click the 1999 NBA Draft
by nibperrychub
Sports
2m
Alphabetical 'K' Countries by Flag Minefield
by ylime102
Geography
3m
More to Explore
Quiz From the Vault
Featured Blog Post
15 Basketball Trivia Facts You Can Be March Mad About
hide this ad
You Might Also Like...
Tags
Football Quiz
Soccer Quiz
Spanish Quiz
Football Clubs
Real Madrid
Spain
Squad Members
Squad Numbers
Today's Top Quizzes in Sports
Browse Sports
hide this ad
Today's Top Quizzes in Football
Browse Football
Top Contributed Quizzes in Sports
1
Pick 6: NFL Teams
2
MLB 2 truths and a lie: Hall of Fame pitchers
3
Les joueurs à 100 buts en Ligue 1 Uber Eats
4
Don't Strike Out: 3000 Strikeouts
5
Criteria MLB: Left Handed Sluggers
6
Pick 6: Minor League Baseball
7
2022 World Cup Stars
8
Click the 1998 NBA Draft
9
Millionaire: NBA Finals Edition
10
MLB Players with Two .350 Batting Average Seasons
Explore More
Trending Topics
Kpop
Disney
NBA
Crossword
Harry Potter
Marvel
Anime
Country
NFL
Soccer
Puzzle
Song
Pokémon
WWE
The Office
hide this ad
More By:
maaxwell
Quiz
Plays
Rating
Category
Featured
Created
Gods in Disney's Hercules
83,410
4.30
Entertainment
Jun 23, 2011
Movie Teachers
62,811
4.31
Movies
Jun 2, 2011
Tolkien: Human, Elf or Dwarf?
46,837
3.86
Literature
Jul 22, 2011
Word Ladder: Harrison Ford
43,210
4.53
Just For Fun
Jul 19, 2011
Movie Scars
30,843
4.38
Movies
Jun 21, 2011
Go to Creator's Profile
Score Distribution
Quiz Creator Spotlight
maaxwell
Follow
Send a Message
Quizzes Created
-
Created Quiz Play Count
-
More By This Creator
Popular Quizzes Today
1
Countries of Asia Without Outlines Minefield
2
Find the US States - No Outlines Minefield
3
Pick 6: Fruits
4
Alphabetical 'K' Countries by Flag Minefield
5
The Countries of the World
6
Find the US States
7
Match the Book to the Film X
8
US States
More Sports Quizzes
Big Ten States
Published
Trending Quizzes
Pick 6: Harry Potter
Pick 6: Mountains
Pick 6: NFL Teams
Pick 6: Movie Franchises
Pick 6: Golfers
Recently Updated
NWSL Teams
pecheneg
Women's Final Four Teams by Year
bhenderson79
Presidents Quartet II
eogle
Anything But Clue(do)
eogle
Anything But Oceanian Capitals
eogle
Anything But 7
eogle
Anything But Thing
eogle
Word Ladder: February 29
pecheneg
Song Title Questions
pecheneg
Women's NCAA Tournament #1 Seeds
pecheneg
Trending Topics
Marvel
Disney
Anime
Harry Potter
Kpop
NBA
Crossword
Song
WWE
NFL
The Office
Soccer
Country
Puzzle
Pokémon
Your Account Isn't Verified!
In order to create a playlist on Sporcle, you need to verify the email address you used during registration. Go to your
Sporcle Settings
to finish the process.
Report this User
Report this user for behavior that violates our
Community Guidelines
.
Details:
Send Report
Go to the Sporcle.com Mobile Site →
Comments